[Event " PANAMERICANO SUB20 Femenino "COLOMBIA 2016" Guatapé (Antioquia) Junio 19 al 2"]
[Site "Guatape-Colombia"]
[Date "2016.06.24"]
[Round "8"]
[Board "2"]
[White "Eswaran, Ashritha"]
[Black "Fuentes Godoy, Lilia Ivonne"]
[Result "1/2-1/2"]
[WhiteElo "2261"]
[BlackElo "2094"]
[PlyCount "0"]
[EventDate "2016.06.20"]
[EventRounds "9"]
[EventCountry "COL"]

1. e4 c5 2. Nf3 Nc6 3. d4 cxd4 4. Nxd4 e5 5. Nb5 d6 6. c4 Be7 7. N1c3 a6 8. Na3
Be6 9. Be2 Bg5 10. O-O Bxc1 11. Rxc1 Nf6 12. Nc2 O-O 13. Qd2 Qb6 14. Nd5 Bxd5
15. exd5 Ne7 16. Ne3 Ne4 17. Qc2 Nc5 18. Rb1 a5 19. Kh1 f5 20. f4 e4 21. Qd2
Na6 22. b3 Qb4 23. Qxb4 axb4 24. Nc2 Rfc8 25. a3 Nxd5 26. axb4 Naxb4 27. Nd4
Nc3 28. Rb2 g6 29. g4 Nc6 30. Ne6 Kf7 31. Ng5+ Ke7 32. gxf5 gxf5 33. Bh5 h6 34.
Nf7 Rf8 35. Rc2 Na2 36. Nxh6 Rf6 37. Ng8+ Rxg8 38. Rxa2 Rh8 39. Bd1 Rfh6 40.
Rd2 e3 41. Rg2 Nd4 42. Re1 Rh3 43. Kg1 Kf6 44. Rg3 Rxh2 45. Rgxe3 Rh1+ 46. Kg2
R1h2+ 47. Kg1 Rh1+ 48. Kg2 R8h2+ 49. Kg3 Rh3+ 50. Kg2 R1h2+ 51. Kg1 Rxe3 52.
Rxe3 Rd2 53. Bf3 Rb2 54. Bxb7 Rxb3 55. Rxb3 Nxb3 56. Bd5 Nd2 57. Kf2 Ne4+ 58.
Ke3 Nc5 59. Bg8 Kg7 60. Bd5 Kf6 61. Bg2 Ne6 62. Bc6 Ke7 63. Ba4 Nc7 64. Bc2 Kf6
65. Kd4 Ne6+ 66. Kd5 Nxf4+ 67. Kxd6 Ne2 68. c5 Nd4 69. Bd1 f4 70. Kd5 Ne6 71.
c6 Ke7 72. Bg4 Nc7+ 73. Ke5 Na6 74. Ke4  1/2-1/2

[Event " PANAMERICANO SUB20 Femenino "COLOMBIA 2016" Guatapé (Antioquia) Junio 19 al 2"]
[Site "Guatape-Colombia"]
[Date "2016.06.24"]
[Round "8"]
[Board "3"]
[White "Varela, Maria De Los Angeles"]
[Black "Monroy G., Nataly A."]
[Result "0-1"]
[WhiteElo "1602"]
[BlackElo "1999"]
[PlyCount "0"]
[EventDate "2016.06.20"]
[EventRounds "9"]
[EventCountry "COL"]

1. e4 c5 2. Nf3 Nc6 3. Bb5 e6 4. O-O Nge7 5. Re1 a6 6. Bf1 d5 7. exd5 Nxd5 8.
d4 Nf6 9. Be3 cxd4 10. Nxd4 Qc7 11. Nc3 Be7 12. Qf3 O-O 13. Nb3 Ne5 14. Qg3 Bd6
15. Rad1 Nc4 16. Qh4 Nxe3 17. Rxe3 Bf4 18. Rf3 e5 19. h3 h5 20. g3 g5 21. Rxf4
gxh4 22. Rxf6 Rd8 23. Re1 hxg3 24. fxg3 Rd6 25. Rf2 Rg6 26. Kh2 h4 27. Ne4
hxg3+ 28. Nxg3 e4 29. Rg2 f5 30. Nd2 Be6 31. Be2 Rd8 32. Bh5 Rg7  0-1

[Event " PANAMERICANO SUB20 Femenino "COLOMBIA 2016" Guatapé (Antioquia) Junio 19 al 2"]
[Site "Guatape-Colombia"]
[Date "2016.06.24"]
[Round "8"]
[Board "4"]
[White "Salcedo, Jackeline"]
[Black "Brizzi, Milagros Tatiana"]
[Result "1-0"]
[WhiteElo "1995"]
[BlackElo "1990"]
[PlyCount "0"]
[EventDate "2016.06.20"]
[EventRounds "9"]
[EventCountry "COL"]

1. d4 d5 2. c4 c6 3. cxd5 cxd5 4. Nc3 Nf6 5. Nf3 Nc6 6. Bf4 Bf5 7. e3 e6 8. Bb5
Be7 9. Qa4 Qb6 10. Ne5 Rc8 11. h3 h5 12. O-O O-O 13. Rac1 Nxe5 14. dxe5 Ne4 15.
Nxe4 Bxe4 16. b3 a6 17. Be2 g5 18. Bh2 Bg6 19. Qd7 Bc5 20. Kh1 Rc6 21. b4 Qxb4
22. e4 Bxe4 23. Bxh5 Qb6 24. Rc3 Rd8 25. Qxf7+ Kh8 26. Qf6+ Kh7 27. Rg3 Rg8 28.
Bf7 Rg7 29. Rxg5 Rxg5 30. Qxg5 Rc8 31. Bf4  1-0

[Event " PANAMERICANO SUB20 Femenino "COLOMBIA 2016" Guatapé (Antioquia) Junio 19 al 2"]
[Site "Guatape-Colombia"]
[Date "2016.06.24"]
[Round "8"]
[Board "5"]
[White "Cespedes Galindo, Estefania"]
[Black "Cosme Contreras, Trilce"]
[Result "0-1"]
[WhiteElo "1713"]
[BlackElo "1768"]
[PlyCount "0"]
[EventDate "2016.06.20"]
[EventRounds "9"]
[EventCountry "COL"]

1. d4 Nf6 2. Nf3 g6 3. Nbd2 Bg7 4. e4 d6 5. Be2 O-O 6. O-O Nfd7 7. a4 e5 8. Nc4
Nc6 9. dxe5 Ndxe5 10. Nfxe5 Nxe5 11. Nxe5 dxe5 12. Be3 Qe7 13. Qe1 a5 14. Ra3
b6 15. Rc3 Be6 16. Bc4 Bxc4 17. Rxc4 c5 18. Qe2 Rfd8 19. g3 Rd6 20. f4 exf4 21.
gxf4 Re6 22. Bc1 Bd4+ 23. Kh1 Rxe4 24. Qf3 Re8 25. f5 Re1 26. fxg6 Rxf1+ 27.
Qxf1 Qe4+ {Kg1}  0-1

[Event " PANAMERICANO SUB20 Femenino "COLOMBIA 2016" Guatapé (Antioquia) Junio 19 al 2"]
[Site "Guatape-Colombia"]
[Date "2016.06.24"]
[Round "8"]
[Board "6"]
[White "Loaiza, Yurani"]
[Black "Norena Yepez, Vanessa"]
[Result "1-0"]
[WhiteElo "1962"]
[BlackElo "1567"]
[PlyCount "0"]
[EventDate "2016.06.20"]
[EventRounds "9"]
[EventCountry "COL"]

1. e4 c5 2. Nf3 Nc6 3. Bb5 g6 4. O-O Bg7 5. Re1 a6 6. Bf1 d6 7. h3 Nf6 8. c3
O-O 9. d4 cxd4 10. cxd4 e5 11. Nc3 Nd7 12. Be3 Kh8 13. Qd2 f5 14. Bg5 Qe8 15.
Nd5 Qf7 16. Nc7 Rb8 17. d5 Nc5 18. Nxa6 bxa6 19. dxc6 Nxe4 20. Qa5 Qa7 21. Be3
Qf7 22. b3 Re8 23. Rac1 d5 24. Bb6 Qf6 25. Bc7 Ra8 26. Bxe5 Qf7 27. Bxg7+ Kxg7
28. Nd4 Qa7 29. Qxd5 Be6 30. Nxe6+ Kf6 31. Nc5 Nxc5 32. Rxe8  1-0

[Event " PANAMERICANO SUB20 Femenino "COLOMBIA 2016" Guatapé (Antioquia) Junio 19 al 2"]
[Site "Guatape-Colombia"]
[Date "2016.06.24"]
[Round "8"]
[Board "7"]
[White "Rosales Murillo, Cristina"]
[Black "Solis Chimoy, Blanca"]
[Result "1-0"]
[WhiteElo "1747"]
[BlackElo "1931"]
[PlyCount "0"]
[EventDate "2016.06.20"]
[EventRounds "9"]
[EventCountry "COL"]

1. e4 d6 2. d4 Nf6 3. Nc3 g6 4. Be2 Bg7 5. Be3 c6 6. a4 Qa5 7. f3 e5 8. g4 Qb6
9. Qd3 Nxg4 10. a5 Qb4 11. Ra4 Na6 12. fxg4 Qxb2 13. Nd1 Qb1 14. Qc3 O-O 15.
Nf3 Bxg4 16. Nd2 Qb5 17. Bxb5 cxb5 18. Ra1 Rac8 19. Qb2 b4 20. O-O Bxd1 21.
Raxd1 Rc3 22. Bf2 Rfc8 23. Nb1 Rxc2 24. Qb3 R2c7 25. Be3 h5 26. Rc1 exd4 27.
Bd2 Nc5 28. Qxb4 Nxe4 29. Rxc7 Rxc7 30. Re1 d5 31. Bf4 Rc2 32. Qxb7 Nc3 33.
Nxc3 dxc3 34. Qxd5 Rb2 35. Be5 Rd2 36. Qa8+ Kh7 37. Bxg7 Kxg7 38. Qb8 c2 39.
Qb2+ Kh7 40. Qc1 Rd5 41. Qxc2 Rg5+ 42. Kh1 Rxa5 43. Rf1 Kg8 44. Qc8+  1-0

[Event " PANAMERICANO SUB20 Femenino "COLOMBIA 2016" Guatapé (Antioquia) Junio 19 al 2"]
[Site "Guatape-Colombia"]
[Date "2016.06.24"]
[Round "8"]
[Board "8"]
[White "Gomez Barrera, Javiera Belen"]
[Black "Toro Castaneda, Elizabeht"]
[Result "1-0"]
[WhiteElo "1959"]
[BlackElo "1792"]
[PlyCount "0"]
[EventDate "2016.06.20"]
[EventRounds "9"]
[EventCountry "COL"]

1. e4 c5 2. Nf3 d6 3. d4 cxd4 4. Nxd4 Nf6 5. Nc3 g6 6. Be3 Bg7 7. Qd2 O-O 8. f3
Nc6 9. O-O-O Nxd4 10. Bxd4 Be6 11. g4 Qa5 12. Kb1 Rfc8 13. a3 Rab8 14. h3 b5
15. Nd5 Qd8 16. Nxf6+ exf6 17. Bxa7 Rb7 18. Bd4 Ra8 19. Bc3 Qe8 20. Bb4 d5 21.
exd5 Bd7 22. Bd3 Bf8 23. d6 Ra4 24. Be4 Rb8 25. Rhe1 Qc8 26. Bd5 f5 27. Bb3 Ra7
28. Qd4 Bg7 29. Qxa7 Ra8 30. Qc7 Qd8 31. h4  1-0

[Event " PANAMERICANO SUB20 Femenino "COLOMBIA 2016" Guatapé (Antioquia) Junio 19 al 2"]
[Site "Guatape-Colombia"]
[Date "2016.06.24"]
[Round "8"]
[Board "9"]
[White "Velasquez, Angie Gabriela"]
[Black "Sanchez Zambrano, Vanessa"]
[Result "1/2-1/2"]
[WhiteElo "1736"]
[BlackElo "1909"]
[PlyCount "71"]
[EventDate "2016.06.20"]
[EventRounds "9"]
[EventCountry "COL"]

1. e4 c5 2. d3 d5 3. Nd2 Nc6 4. g3 Nf6 5. Bg2 Bg4 6. Ngf3 e5 7. O-O Be7 8. Re1
O-O 9. h3 Bxf3 10. Bxf3 Qd7 11. exd5 Nxd5 12. a3 Rad8 13. Nf1 Bf6 14. Rb1 Qc7
15. Ne3 Nxe3 16. Bxe3 c4 17. Qe2 cxd3 18. cxd3 Nd4 19. Bxd4 Rxd4 20. h4 Qd7 21.
Red1 Re8 22. Rbc1 g6 23. b4 Rd8 24. Qa2 Be7 25. Be2 a5 26. Rc4 axb4 27. axb4 b5
28. Rxd4 Qxd4 29. Qa5 Qxb4 30. Qxb4 Bxb4 31. d4 exd4 32. Bxb5 Bc3 33. Be2 Rb8
34. h5 Kf8 35. hxg6 hxg6 36. Bd3  1/2-1/2

[Event " PANAMERICANO SUB20 Femenino "COLOMBIA 2016" Guatapé (Antioquia) Junio 19 al 2"]
[Site "Guatape-Colombia"]
[Date "2016.06.24"]
[Round "8"]
[Board "11"]
[White "Becerra Fonseca, Camila"]
[Black "Henao Garcia, Estefania"]
[Result "0-1"]
[WhiteElo "1325"]
[BlackElo "1349"]
[PlyCount "66"]
[EventDate "2016.06.20"]
[EventRounds "9"]
[EventCountry "COL"]

1. d4 d5 2. Nf3 Bf5 3. c3 Nc6 4. e3 Nf6 5. Nbd2 e6 6. Be2 Bd6 7. O-O O-O 8. c4
dxc4 9. Bxc4 Bg4 10. h3 Bh5 11. Re1 e5 12. dxe5 Nxe5 13. Be2 Qe7 14. Nxe5 Bxe2
15. Rxe2 Qxe5 16. f4 Qc5 17. Nb3 Qb6 18. Kh1 Rad8 19. Qc2 Rfe8 20. a4 a6 21. a5
Qa7 22. Nd4 Bc5 23. Nf5 Ne4 24. Ra4 Nd6 25. b4 Nxf5 26. bxc5 Ng3+ 27. Kh2 Nxe2
28. Qxe2 Qxc5 29. Rc4 Qxa5 30. Bb2 Rd2 31. Qe1 Rxg2+ 32. Kxg2 Qxe1 33. Rxc7
Rxe3  0-1

[Event " PANAMERICANO SUB20 Femenino "COLOMBIA 2016" Guatapé (Antioquia) Junio 19 al 2"]
[Site "Guatape-Colombia"]
[Date "2016.06.25"]
[Round "9"]
[Board "1"]
[White "Monroy G., Nataly A."]
[Black "Eswaran, Ashritha"]
[Result "0-1"]
[WhiteElo "1999"]
[BlackElo "2261"]
[PlyCount "0"]
[EventDate "2016.06.20"]
[EventRounds "9"]
[EventCountry "COL"]

1. Nf3 d5 2. d4 Nc6 3. g3 Bf5 4. Bg2 Nb4 5. Na3 e6 6. c3 Na6 7. Nc2 Be7 8. O-O
Nf6 9. Ne3 Be4 10. Qb3 Qc8 11. c4 O-O 12. Bd2 c6 13. Rac1 Nc7 14. Bb4 Bxb4 15.
Qxb4 a5 16. Qd2 Bxf3 17. Bxf3 Qd7 18. Bg2 Nfe8 19. Ng4 f6 20. Ne3 Nd6 21. Rfd1
Rfc8 22. Rc3 b5 23. cxd5 cxd5 24. Rdc1 Kh8 25. Rc5 b4 26. h4 Nb7 27. R5c2 Nb5
28. Nd1 Rxc2 29. Rxc2 Rc8 30. e3 Rc4 31. Bf1 Rxc2 32. Qxc2 N5d6 33. Bd3 f5 34.
b3 Qc8 35. Qxc8+ Nxc8 36. Nb2 Nb6 37. Kf1 Kg8 38. Ke2 Kf7 39. f3 Nd6 40. Ba6 h6
41. Nd3 Nd7 42. Nf2 g5 43. hxg5 hxg5 44. Bd3 Nf6 45. Kf1 Nfe8 46. Be2 f4 47.
gxf4 gxf4 48. e4 Nc7 49. Nd3 dxe4 50. Ne5+ Kf6 51. fxe4 Nxe4 52. Bd3 Nc3 53.
Nc6 Nxa2 54. Nxa5 Nd5 55. Kf2 Kg5 56. Nc6 Ne3 57. Bb1 Nc3 58. Bd3 Na2 59. Nd8
Kf6 60. Kf3 Nc1 61. Kxf4 Nd5+ 62. Ke4 Nxb3 63. Bc4  0-1

[Event " PANAMERICANO SUB20 Femenino "COLOMBIA 2016" Guatapé (Antioquia) Junio 19 al 2"]
[Site "Guatape-Colombia"]
[Date "2016.06.25"]
[Round "9"]
[Board "2"]
[White "Fuentes Godoy, Lilia Ivonne"]
[Black "Salcedo, Jackeline"]
[Result "1-0"]
[WhiteElo "2094"]
[BlackElo "1995"]
[PlyCount "0"]
[EventDate "2016.06.20"]
[EventRounds "9"]
[EventCountry "COL"]

1. d4 d5 2. c4 e6 3. Nf3 Nf6 4. e3 c6 5. Nbd2 Nbd7 6. Bd3 Bd6 7. O-O O-O 8. e4
dxe4 9. Nxe4 Nxe4 10. Bxe4 f5 11. Bc2 e5 12. Bg5 Be7 13. Bxe7 Qxe7 14. Nxe5
Nxe5 15. Re1 Qb4 16. dxe5 Be6 17. Qd6 Qxd6 18. exd6 Bxc4 19. b3 Bd5 20. Re7 Rf6
21. d7 Kf8 22. Rae1 Be4 23. Re8+ Rxe8 24. dxe8=Q+ Kxe8 25. f3 Kd7 26. fxe4 fxe4
27. Bxe4 h6 28. Bf3 Kc7 29. Re7+  1-0

[Event " PANAMERICANO SUB20 Femenino "COLOMBIA 2016" Guatapé (Antioquia) Junio 19 al 2"]
[Site "Guatape-Colombia"]
[Date "2016.06.25"]
[Round "9"]
[Board "3"]
[White "Roca Rojas, Ana Flavia"]
[Black "Loaiza, Yurani"]
[Result "1/2-1/2"]
[WhiteElo "2177"]
[BlackElo "1962"]
[PlyCount "0"]
[EventDate "2016.06.20"]
[EventRounds "9"]
[EventCountry "COL"]

1. e4 e5 2. Nf3 Nf6 3. Nxe5 d6 4. Nf3 Nxe4 5. c4 d5 6. Nc3 Nf6 7. d4 Be7 8. Be2
O-O 9. O-O c6 10. a3 Nbd7 11. c5 Ne4 12. Ne1 Ndf6 13. Na2 h6 14. f3 Ng5 15. Nd3
Re8 16. b4 Bf5 17. Nc3 Bxd3 18. Bxd3 a6 19. Na4 Qc7 20. g3 Bf8 21. Kg2 Ne6 22.
Bc2 Re7 23. Nc3 Rae8 24. a4 g6 25. Be3 Nh5 26. Bf2 Bg7 27. Qd2 Qd7 28. Rae1 Ng5
29. Bd1 Qh3+ 30. Kg1 Ne6 31. b5 Nxd4 32. Rxe7 Rxe7 33. bxc6 bxc6 34. Na2 Ne6
35. Qb4 Be5 36. Qg4 Qxg4 37. fxg4 Nf6 38. Nb4 Nd4 39. Nd3 Ne6 40. Nxe5 Rc7 41.
Nd3 Ne4 42. Be3 Rb7 43. Bc2 d4 44. Bf2 Nd2 45. Rd1 Nc4 46. Rb1 Rd7 47. Rb8+ Kg7
48. Bb3 Ne3 49. Rb6 Ng5 50. Bxe3 dxe3 51. Ne1 Rd2 52. Rb7 Nh3+ 53. Kh1 Nf2+ 54.
Kg1 Nh3+ 55. Kh1 Nf2+ 56. Kg1  1/2-1/2

[Event " PANAMERICANO SUB20 Femenino "COLOMBIA 2016" Guatapé (Antioquia) Junio 19 al 2"]
[Site "Guatape-Colombia"]
[Date "2016.06.25"]
[Round "9"]
[Board "4"]
[White "Brizzi, Milagros Tatiana"]
[Black "Argote Heredia, Valentina"]
[Result "1-0"]
[WhiteElo "1990"]
[BlackElo "2039"]
[PlyCount "0"]
[EventDate "2016.06.20"]
[EventRounds "9"]
[EventCountry "COL"]

1. e4 c5 2. Nf3 d6 3. d4 cxd4 4. Nxd4 Nf6 5. Nc3 a6 6. Be3 e6 7. f3 b5 8. Qd2
Nbd7 9. g4 Nb6 10. O-O-O Bb7 11. g5 Nfd7 12. Bd3 Rc8 13. Kb1 b4 14. Nce2 d5 15.
exd5 Nxd5 16. g6 hxg6 17. Nxe6 fxe6 18. Bxg6+ Ke7 19. Nd4 Qc7 20. Bg5+ N7f6 21.
Rhe1 Rxh2 22. Rxe6+ Kd8 23. Qe1 Qc4 24. Bf4 Nxf4 25. Nb5+ N6d5 26. Rd6+  1-0

[Event " PANAMERICANO SUB20 Femenino "COLOMBIA 2016" Guatapé (Antioquia) Junio 19 al 2"]
[Site "Guatape-Colombia"]
[Date "2016.06.25"]
[Round "9"]
[Board "5"]
[White "Cosme Contreras, Trilce"]
[Black "Varela, Maria De Los Angeles"]
[Result "1-0"]
[WhiteElo "1768"]
[BlackElo "1602"]
[PlyCount "0"]
[EventDate "2016.06.20"]
[EventRounds "9"]
[EventCountry "COL"]

1. c4 e5 2. Nc3 Nf6 3. g3 c6 4. d4 exd4 5. Qxd4 d5 6. Nf3 Be7 7. cxd5 cxd5 8.
e3 Nc6 9. Qd1 Bb4 10. a3 Ba5 11. b4 Bb6 12. Bg2 O-O 13. O-O d4 14. Nxd4 Nxd4
15. exd4 Bxd4 16. Bb2 Bg4 17. Qd2 Qd7 18. Ne4 Bxb2 19. Qxb2 Nxe4 20. Bxe4 Rfe8
21. Rfe1 Rad8 22. Rac1 h5 23. h4 Rxe4 24. Rxe4 Bf3 25. Re3 Qd1+ 26. Re1 Qd7 27.
Qc3 Qg4 28. Qe3 Bc6 29. Qg5 Qxg5 30. hxg5 Rd5 31. Rc5 Rd3 32. b5 Bf3 33. a4 Ra3
34. Rc4 Kh7 35. Rec1 Bd5 36. Rc5 Be6 37. Rc7 Rxa4 38. Rxb7 h4 39. gxh4 Rxh4 40.
Rxa7 Bd5 41. f3 Bxf3 42. Kf2 Bd5 43. Rc5 Be6 44. b6 Rb4 45. b7 Kg6 46. Rc7 Bd5
47. Rd7 Be6 48. Rd8 Kxg5 49. b8=Q Rxb8 50. Rxb8 g6 51. Re7 Kf6 52. Rbe8 Bc4 53.
Re4 Be6 54. R8xe6+ fxe6 55. Rf4+ Ke5 56. Ke3 g5 57. Rf7 g4 58. Rf8 g3 59. Rg8
 1-0

[Event " PANAMERICANO SUB20 Femenino "COLOMBIA 2016" Guatapé (Antioquia) Junio 19 al 2"]
[Site "Guatape-Colombia"]
[Date "2016.06.25"]
[Round "9"]
[Board "6"]
[White "Rosales Murillo, Cristina"]
[Black "Viveros, Erica Johana"]
[Result "0-1"]
[WhiteElo "1747"]
[BlackElo "1855"]
[PlyCount "0"]
[EventDate "2016.06.20"]
[EventRounds "9"]
[EventCountry "COL"]

1. e4 c5 2. Nf3 d6 3. d4 cxd4 4. Nxd4 Nf6 5. Nc3 Nc6 6. Nb3 a6 7. Be2 e5 8. Bg5
Be7 9. Qd2 b5 10. Rd1 b4 11. Bxf6 Bxf6 12. Nd5 Bg5 13. Nc7+ Qxc7 14. Qxg5 O-O
15. O-O Be6 16. f4 f6 17. Qh4 exf4 18. Qxf4 Ne5 19. Nd4 Bf7 20. Qg3 Ng6 21. h4
Bc4 22. Bxc4+ Qxc4 23. h5 Ne5 24. Nf5 Ra7 25. Rxd6 Kh8 26. Rfd1 g6 27. hxg6
hxg6 28. Ne3 Qxe4 29. R1d4 Qb7 30. Rh4+ Kg8 31. Qh3 Qg7 32. Nd5 Rd7 33. Qe6+
Rff7 34. Rxd7 Nxd7 35. Ne7+ Kf8 36. Qxd7 Rxe7 37. Qc8+ Kf7 38. Qc4+ Kf8 39.
Qxb4 g5 40. Rd4 Qf7 41. Re4 f5 42. Re5 Qf6 43. Qc5 Qxe5  0-1

[Event " PANAMERICANO SUB20 Femenino "COLOMBIA 2016" Guatapé (Antioquia) Junio 19 al 2"]
[Site "Guatape-Colombia"]
[Date "2016.06.25"]
[Round "9"]
[Board "7"]
[White "Velez Alvarez, Laura Camila"]
[Black "Gomez Barrera, Javiera Belen"]
[Result "0-1"]
[WhiteElo "1876"]
[BlackElo "1959"]
[PlyCount "0"]
[EventDate "2016.06.20"]
[EventRounds "9"]
[EventCountry "COL"]

1. d4 Nf6 2. Nf3 g6 3. e3 Bg7 4. Be2 O-O 5. O-O d6 6. b3 Nbd7 7. Bb2 e5 8. dxe5
Ng4 9. c4 Ngxe5 10. Nc3 a5 11. Qd2 Nc5 12. Rfd1 Bf5 13. Nd4 Bd7 14. a3 Nc6 15.
Nxc6 bxc6 16. Qc2 Qb8 17. Rab1 Qxb3 18. Qxb3 Nxb3 19. Na4 Bxb2 20. Rxb2 c5 21.
Nc3 a4 22. Nd5 Kg7 23. Nxc7 Rac8 24. Nd5 Rb8 25. Nc3 Nd4 26. Rdb1 Nxe2+ 27.
Nxe2 Rxb2 28. Rxb2 Be6 29. Nc3 Bxc4 30. Nxa4 Ra8 31. Nb6 Rxa3 32. f3 Be6 33. e4
Rb3 34. Rxb3 Bxb3 35. Kf2 Kf6 36. Ke3 Ke7 37. Kd3 Kd8 38. Kc3 Kc7 39. Na8+ Kb7
40. Kxb3 Kxa8 41. Kc4 Kb7 42. Kb5 Kc7 43. f4 Kd7 44. g4 Ke6 45. Kc4 f5 46.
exf5+ gxf5 47. g5 Kf7 48. Kd5 Kg6 49. h3 Kh5 50. Ke6 c4 51. Kf7 c3 52. Kg7 c2
53. Kxh7 c1=Q 54. g6 Qxf4 55. g7 Qh6+ 56. Kg8 Kg6  0-1

[Event " PANAMERICANO SUB20 Femenino "COLOMBIA 2016" Guatapé (Antioquia) Junio 19 al 2"]
[Site "Guatape-Colombia"]
[Date "2016.06.25"]
[Round "9"]
[Board "8"]
[White "Sanchez Zambrano, Vanessa"]
[Black "Cespedes Galindo, Estefania"]
[Result "1-0"]
[WhiteElo "1909"]
[BlackElo "1713"]
[PlyCount "0"]
[EventDate "2016.06.20"]
[EventRounds "9"]
[EventCountry "COL"]

1. d4 Nf6 2. c4 e6 3. Nc3 Bb4 4. Qc2 Bxc3+ 5. Qxc3 b6 6. Bg5 Bb7 7. f3 h6 8.
Bh4 g5 9. Bf2 d5 10. e3 Nbd7 11. Bd3 Qe7 12. Bg3 Rc8 13. Ne2 h5 14. h4 g4 15.
Rf1 c5 16. Kf2 cxd4 17. Nxd4 dxc4 18. Bxc4 Qc5 19. Be2 Qxc3 20. bxc3 gxf3 21.
gxf3 O-O 22. Bd6 Rfe8 23. Rg1+ Kh8 24. Rg5 Rg8 25. Bb5 Nc5 26. Be5  1-0

[Event " PANAMERICANO SUB20 Femenino "COLOMBIA 2016" Guatapé (Antioquia) Junio 19 al 2"]
[Site "Guatape-Colombia"]
[Date "2016.06.25"]
[Round "9"]
[Board "9"]
[White "Norena Yepez, Vanessa"]
[Black "Henao Garcia, Estefania"]
[Result "1-0"]
[WhiteElo "1567"]
[BlackElo "1349"]
[PlyCount "63"]
[EventDate "2016.06.20"]
[EventRounds "9"]
[EventCountry "COL"]

1. d4 d5 2. c4 e6 3. Nc3 Nf6 4. Bg5 c6 5. e3 b6 6. Nf3 Nbd7 7. cxd5 cxd5 8. Bb5
Be7 9. Bc6 Rb8 10. Bf4 O-O 11. Bxb8 Nxb8 12. Bb5 Bb7 13. O-O Nc6 14. Qa4 Qc7
15. Rac1 Bd6 16. Nxd5 Nxd5 17. Bxc6 Bxc6 18. Rxc6 Qd7 19. a3 Ne7 20. Rfc1 Nxc6
21. Qxc6 Qxc6 22. Rxc6 Rd8 23. g3 f6 24. Nd2 e5 25. d5 g6 26. Nc4 Bb8 27. e4 f5
28. f3 Kf7 29. b4 h5 30. Re6 Re8 31. Rxe8 Kxe8 32. Kf2  1-0

[Event " PANAMERICANO SUB20 Femenino "COLOMBIA 2016" Guatapé (Antioquia) Junio 19 al 2"]
[Site "Guatape-Colombia"]
[Date "2016.06.25"]
[Round "9"]
[Board "11"]
[White "Solis Chimoy, Blanca"]
[Black "Becerra Fonseca, Camila"]
[Result "1-0"]
[WhiteElo "1931"]
[BlackElo "1325"]
[PlyCount "61"]
[EventDate "2016.06.20"]
[EventRounds "9"]
[EventCountry "COL"]

1. d4 d5 2. Nf3 e6 3. c4 c6 4. Nc3 Nf6 5. Qd3 Be7 6. e4 dxc4 7. Qxc4 b5 8. Qd3
Bb7 9. a3 O-O 10. Be2 a6 11. O-O Nbd7 12. b4 h6 13. Rd1 a5 14. Rb1 Qc7 15. g3
e5 16. Qc2 Rfe8 17. Nxb5 Qb6 18. bxa5 Qxa5 19. dxe5 Nxe4 20. Qxe4 Nc5 21. Qg4
cxb5 22. Bxh6 Ne6 23. Nd4 Bf8 24. Rxb5 Qc7 25. Rxb7 Qxb7 26. Bf3 Qb6 27. Bxa8
Rxa8 28. Nxe6 fxe6 29. Bxg7 Bxg7 30. Rd7 Ra7 31. Qxg7#  1-0